Central Library OPAC University of Rajshahi

الأصول العربية للدراسات السودانية;;al'usul alearabiat lildirasat alsuwdania / (Record no. 78240)

MARC details
000 -LEADER
fixed length control field 00763nam a2200205 4500
001 - CONTROL NUMBER
control field 78240
003 - CONTROL NUMBER IDENTIFIER
rucl marc code BD-RjUL
005 - DATE AND TIME OF LATEST TRANSACTION
control field 20211209083116.0
008 - FIXED-LENGTH DATA ELEMENTS--GENERAL INFORMATION
fixed length control field 210825s1968 le ||||| i||| 001 0 ara d
035 ## - SYSTEM CONTROL NUMBER
System control number (BD-RjUL)78466
040 ## - CATALOGING SOURCE
Original cataloging agency BD-RjUL
Language of cataloging eng
Transcribing agency BD-RjUL
041 ## - LANGUAGE CODE
Language code of text/sound track or separate title ara
082 ## - DEWEY DECIMAL CLASSIFICATION NUMBER
Edition number 23
Classification number 016.956
Author mark and year DAU 1968
100 1# - MAIN ENTRY--PERSONAL NAME
Relator code داغر، يوسف أسعد، ;; Dagher, Youssef Asaad,
Dates associated with a name (1899-1981
9 (RLIN) 247158
245 14 - TITLE STATEMENT
Title الأصول العربية للدراسات السودانية;;al'usul alearabiat lildirasat alsuwdania /
Statement of responsibility, etc. يوسف أسعد داغر;;Youssef Asaad Dagher
260 ## - PUBLICATION, DISTRIBUTION, ETC. (IMPRINT)
Place of publication, distribution, etc. بيروت :
Name of publisher, distributor, etc. يوسف أسعد داغر،
Date of publication, distribution, etc. 1968 [1388
300 ## - PHYSICAL DESCRIPTION
Pagination 262 p. ;
Size 23 cm
650 ## - SUBJECT ADDED ENTRY--TOPICAL TERM
Topical term or geographic name as entry element Middle East
Form subdivision Social conditions.
9 (RLIN) 247159
General subdivision Index
942 ## - ADDED ENTRY ELEMENTS (KOHA)
Source of classification or shelving scheme Dewey Decimal Classification
Koha item type Books
Holdings
Lost status Source of classification or shelving scheme Damaged status Not for loan Collection code Permanent Location Current Location Shelving location Date acquired Total Checkouts Full call number Date last seen Copy number Koha item type
  Dewey Decimal Classification   Not For Loan Non-fiction Central Library, University of Rajshahi Central Library, University of Rajshahi Reading Room 25/08/2021   AR 016.956 DAU 1968 25/08/2021 C-1 Books